000 00590nam a2200169 i 4500
001 20474
003 ES-MaACL
005 20230906152318.0
007 t|
008 021113s1877 sp ||||1| spa d
110 2 _aReal Academia Gaditana de Ciencias y Letras.
_96340
245 1 0 _aInaguración del año académico de 1877 a 1878 /
_cAcademia Gaditana de Ciencias y Letras.
260 _aCádiz :
_bAcademia Gaditana de Ciencias y Letras,
_c1877.
300 _a92 p. ;
_c21 cm.
610 2 4 _aReal Academia Gaditana de Ciencias y Letras-
_vMemorias.
_9160082
852 _aES-MaACL
_jT-266-F-4
999 _c20474
_d20474